000
00224nam a22000857a 4500
008
160708b xxu||||| |||| 00| 0 eng d
100
_9
2453
_a
Gandhi M
245
_a
India Freedom's Battle
260
_a
New Delhi
_b
Maanu Graphics
_c
2013
999
_c
2124
_d
2124